Psychodiagnostika podporovaná počítačem /

Hlavní autor: Mareš, Jiří, 1942-2026
Jazyk: Čeština
Vydáno: Praha : Ústav pro informace ve vzdělávání, 1992
Témata:
Fyzický popis: 70 s.
Knihy
Uloženo v:
LEADER 01348nam a22003732a 4500
001 000024375
003 CZ BrMZK
005 20241010111734.0
007 ta
008 030405s1992 xr f |||| 0 cze d
015 |a cnb000069858 
020 |a 80-211-0121-0 
035 |a (OCoLC)39594852 
040 |a BOA001  |b cze 
072 7 |a 159.9  |x Psychologie  |2 Konspekt  |9 17 
080 |a 159.9.072.5  |2 MRF 
080 |a 004  |2 MRF 
080 |a (048.8)  |2 MRF 
100 1 |a Mareš, Jiří,  |d 1942-2026  |7 jk01080192  |4 aut 
245 1 0 |a Psychodiagnostika podporovaná počítačem /  |c Jiří Mareš. 
260 |a Praha :  |b Ústav pro informace ve vzdělávání,  |c 1992 
300 |a 70 s. 
650 0 7 |a psychodiagnostika  |7 ph115947  |2 czenas 
650 0 7 |a výpočetní technika  |7 ph137273  |2 czenas 
650 0 9 |a psychodiagnostics  |2 eczenas 
650 0 9 |a computer technology  |2 eczenas 
655 7 |a studie  |7 fd133597  |2 czenas 
655 9 |a studies  |2 eczenas 
910 |a BOA001  |b PK-0118.498  |b 2-0981.489 
920 |a 000130637 
990 |a BK 
996 6 |b 2619974209  |c 2-0981.489  |l MZK  |r Sklad / do 1 hodiny  |n 14  |w 000024375  |u 000030  |a 1  |e BOA001  |j MZK50  |s P 
996 7 |b 3119004743  |c PK-0118.498  |l MZK  |r Sklad / do 1 hodiny  |n 1  |p dar  |w 000024375  |u 000020  |a 1  |e BOA001  |j MZK50  |s A 
996 7 |b 3119997436  |c PK-0118.498  |l MZK  |r Sklad / do 1 hodiny  |n 23  |w 000024375  |u 000010  |a 1  |e BOA001  |j MZK50  |s A